|
|
|
|
| LEADER |
01307cam a22002294a 4500 |
| 020 |
|
|
|a 9781608717118 (pbk.)
|
| 082 |
0 |
0 |
|a 337
|b Q3
|
| 100 |
1 |
|
|a Sobel, Andrew C.
|9 24515
|
| 245 |
1 |
0 |
|a International political economy in context :
|b individual choices, global effects /
|c Andrew C Sobel.
|
| 260 |
|
|
|a Los Angeles :
|b CQ Press,
|c 2013.
|
| 300 |
|
|
|a xxviii, 592 p. :
|b ill., map ;
|
| 504 |
|
|
|a Includes bibliographical references and index.
|
| 650 |
|
0 |
|a Economics-Political aspects.
|9 24516
|
| 650 |
|
0 |
|a Globalization.
|9 25841
|
| 650 |
|
0 |
|a International economic relations.
|9 14087
|
| 650 |
|
0 |
|a Nation-state.
|9 10641
|
| 650 |
|
0 |
|a World politics.
|9 25842
|
| 856 |
|
|
|u https://books.google.co.in/books?id=fDk0G5GXz6oC&printsec=frontcover&dq=International+political+economy+in+context&hl=en&sa=X&ved=0ahUKEwjMgY_cxtPJAhXNVY4KHdaBCP8Q6AEIHDAA#v=onepage&q=International%20political%20economy%20in%20context&f=false
|
| 942 |
|
|
|c BK
|
| 999 |
|
|
|c 63432
|d 63432
|
| 952 |
|
|
|0 0
|1 0
|4 0
|6 337_000000000000000_Q31
|7 0
|9 55198
|a MGUL
|b MGUL
|c GEN
|d 2014-11-26
|e Mathrubhumi books, Inv No 276 dated 15.11.2014
|g 6405.30
|l 2
|o 337 Q3;1
|p 52165
|r 2019-09-23
|s 2019-08-27
|y BK
|
| 952 |
|
|
|0 0
|1 0
|4 0
|6 337_000000000000000_Q3
|7 0
|9 55269
|a MGUL
|b MGUL
|c GEN
|d 2014-10-16
|e Cosmo Books Inv No. 548 dated 30.09.2014
|g 6355.80
|l 2
|o 337 Q3
|p 51976
|r 2019-09-23
|s 2019-08-27
|y BK
|